000 00772nam a2200265Ia 4500
003 OSt
005 20221006153133.0
006 a|||||r|||| 00| 0
007 ta
008 221006b |||||||| |||| 00| 0 jpn d
020 _a9784582831672
_c¥1600
024 _a31,393
037 _bGift, Donated By Prof. Sonoko Hijikata
_cTextual
040 _aEASL
_cEASL
_bjpn
041 _2jpn
_ajpn
082 _aY.42.P02, P3
100 _aKITSUKAWA Ykio
_9662589
245 0 _aHimatsubushi no jidai
_b Sayonara kyoso shakai
260 _aTokyo
_bHeibonsha Japan
_c2003
300 _a228p.
_ccm.
490 _v JL
650 _aJL
942 _hY.42.P02, P3
_cTEXL
_2CC
999 _c1099479
_d1099479